000 00314nam a22001337a 4500
008 171016b xxu||||| |||| 00| 0 eng d
020 _a9789282634455
041 _aeng
080 _a33
100 _a52
101 _aECO
245 _aAGREMENT ON THE EUROPEAN ECONOMIC AREA
_cROBERTS.P
942 _2udc
_cBK
999 _c34043
_d34043